Countries where Capybaras are legal as pets - Statistiques

Statistiques générales
  • Ce quiz a été pris 22 fois
  • Le résultat moyen est 10 sur 13
Statistiques - réponses
Hint Réponse % Correct
North America Canada
89%
Europe Italy
89%
Europe UK
89%
North America United States
89%
South America Argentina
84%
South America Brazil
84%
Asia China
84%
North America Mexico
84%
Asia Japan
79%
South America Colombia
68%
Europe Germany
68%
Asia India
68%
Europe Netherlands
58%
Aucun quiz correspondant
Distribution des résultats
% des personnes avec chaque résultat
Percentile par nombre de réponses
Votre historique - résultats
Vous n’avez pas pris ce quiz